Normal view
MARC view
Entry Personal Name
001 - CONTROL NUMBER
- control field: 25982
003 - CONTROL NUMBER IDENTIFIER
- control field: ARRUPE
005 - DATE AND TIME OF LATEST TRANSACTION
- control field: 20160920121334.0
008 - FIXED-LENGTH DATA ELEMENTS
- fixed length control field: 160920|| aca||aabn | a|a d
040 ## - CATALOGING SOURCE
- Original cataloging agency: ARRUPE
- Transcribing agency: ARRUPE
100 ## - HEADING--PERSONAL NAME
- Personal name: Leech, Kenneth,
- Dates associated with a name: 1939-2015.
670 ## - SOURCE DATA FOUND
- Source citation: Work cat.: (ARRUPE)0: Leech, Kenneth, 1939-2015., The social god /, 1981.